ბათუმის შოთა რუსთაველის სახელმწიფო უნივერსიტეტის ბიბლიოთეკა

Изменения хлоропластов и вызревание побегов в связи с морозоустойчивостью древесных растении (ბიბ.ჩანაწერი № 46086)

000 -LEADER
fixed length control field 00888nam a2200217Ia 4500
001 - CONTROL NUMBER
control field 12916
003 - CONTROL NUMBER IDENTIFIER
control field GE_BSU
008 - FIXED-LENGTH DATA ELEMENTS--GENERAL INFORMATION
fixed length control field 181216s||||||||xx |||||||||||||| ||und||
040 ## - CATALOGING SOURCE
Transcribing agency GE_BSU
080 ## - UNIVERSAL DECIMAL CLASSIFICATION NUMBER
Universal Decimal Classification number 634.9+581.7
100 ## - MAIN ENTRY--PERSONAL NAME
Personal name Барская,Е.И.
245 ## - TITLE STATEMENT
Title Изменения хлоропластов и вызревание побегов в связи с морозоустойчивостью древесных растении
245 ## - TITLE STATEMENT
Statement of responsibility, etc. Отв.ред.П.А.Генкель.Ред.Г.В.Красильникова
260 ## - PUBLICATION, DISTRIBUTION, ETC.
Place of publication, distribution, etc. Москва
260 ## - PUBLICATION, DISTRIBUTION, ETC.
Name of publisher, distributor, etc. Наука
260 ## - PUBLICATION, DISTRIBUTION, ETC.
Date of publication, distribution, etc. 1967
300 ## - PHYSICAL DESCRIPTION
Extent 224стр.илл.20см.
300 ## - PHYSICAL DESCRIPTION
Dimensions Библиогр.с.197-223
653 ## - INDEX TERM--UNCONTROLLED
Uncontrolled term Изменения хлоропластов и вызревание побегов в связи с морозоустойчивостью древесных растении
942 ## - ADDED ENTRY ELEMENTS (KOHA)
Koha item type წიგნი
ეგზემპლარები
Withdrawn status Lost status Damaged status Not for loan Date acquired Barcode Date last seen Price effective from Koha item type
        2018-12-17 20925 2018-12-17 2018-12-17 წიგნი
        2018-12-17 20929 2018-12-17 2018-12-17 წიგნი